MDQL
is popping MORE tags! Check the
thread
!
Quizzes
Events
Quiz Creation
Community
Videos
Private Events
Remove Ads
Sign In
Join for FREE
Feedback
Dark Mode
Quiz Categories
Sports
Geography
Music
Movies
Television
Just For Fun
Miscellaneous
History
Literature
Language
Science
Gaming
Entertainment
Religion
Holiday
For Kids
Quiz Lab
Recent
Popular Today
Quiz Kudos Today
Editor Picks
Curator Picks
Quizzes by...
Day
Popularity
Type
Ratings
Length
Year
Community
Subscriptions
Recent Discussions
Orange Saloon
Badges
Playlists
Quests
Create
Leaderboards
Showdown
Live 5
Trivia Bingo
Activity
Puzzle Library
Sporcle Events
Private Events
Virtual Trivia
Globe League
Become a Host
Pub Owners
SporcleCon
Opinionation
Our Games
Videos
Blog
Mobile Apps
Partnerships
Remove Ads and Go Orange
Feedback
History
US Presidents
World Leaders
Politics
Nation
Discovery
War
Decade
Year
Century
Biography
Art
History
US Presidents
World Leaders
Politics
Nation
Discovery
War
Decade
Year
Century
Biography
Art
Random Quiz
Search Sporcle
×
Quiz Lab
Quiz Lab
History
World Leaders
Type in answers that appear in a list
Type in answers that appear in a list
Classic
Best Score? Go Orange.
Prime Ministers of Australia Stats
Can you name the Prime Ministers of Australia?
By
AussieJono
8m
33 Questions
161 Plays
161 Plays
161 Plays
Comments
Comments
Give Quiz Kudos
Give Quiz Kudos
-
- Ratings
hide this ad
Replay
Link that replays current quiz
Next Quiz
Link to next quiz in quiz playlist
You Got
0%
They Got
Avg Score
58%
Avg Friend Score
Upgrade to see
Score Distribution
Jump to the score distribution portion of the page
Score
0/33
Timer
08:00
0
Plays Today
Years in Office
Prime Minister
% Correct
2007-
Kevin Rudd
95%
1996-
2007
John Howard
93.2%
1991-
1996
Paul Keating
87%
1983-
1991
Bob Hawke
85.7%
1901-
1903
Sir Edmund Barton
81.4%
1972-
1975
Gough Whitlam
81.4%
1939-
1941
Robert Menzies
80.1%
1949-
1966
Sir Robert Menzies
78.9%
1975-
1983
Malcolm Fraser
78.9%
1966-
1967
Harold Holt
77%
1903-
1904
Alfred Deakin
62.7%
1905-
1908
Alfred Deakin
62.7%
1909-
1910
Alfred Deakin
62.7%
1971-
1972
William McMahon
59%
1941-
1945
John Curtin
58.4%
1915-
1916
Billy Hughes
54.7%
1916-
1917
Billy Hughes
54.7%
Years in Office
Prime Minister
% Correct
1917-
1923
Billy Hughes
54.7%
1968-
1971
John Gorton
51.6%
1945-
1949
Ben Chifley
49.7%
1908-
1909
Andrew Fisher
49.1%
1910-
1913
Andrew Fisher
49.1%
1914-
1915
Andrew Fisher
49.1%
1904-
1904
Chris Watson
41%
1904-
1905
Sir George Reid
41%
1945-
1945
Frank Forde
40.4%
1913-
1914
Joseph Cook
39.8%
1932-
1939
Joseph Lyons
39.8%
1923-
1929
Stanley Bruce
36%
1939-
1939
Sir Earle Page
35.4%
1929-
1932
James Scullin
34.8%
1967-
1968
John McEwan
34.2%
1941-
1941
Arthur Fadden
31.7%
Quiz Playlist
Details
Report
Send in Message
Add To Playlist
Classic:
Type in answers that appear in a list
Quiz Source
Last Updated: Feb 16, 2017
Quiz Scoreboard
CHALLENGE
Sign Up to Join the Scoreboard
Show All
Scores
Hide
Comments
May contain spoilers
Recently Published
Colored Red Africa Blitz
by spor1
Geography
30s
Find the 'City' Movie
by crazypaving
Movies
60s
5x2 Blitz: Bands
by SL_Kpop136
Music
30s
More to Explore
Quiz From the Vault
Featured Blog Post
14 Easter Pick-up Lines to Find Eggs With
hide this ad
You Might Also Like...
Tags
World Leaders Quiz
Australia
office
Party
prime
Prime Ministers
Today's Top Quizzes in History
Browse History
hide this ad
Today's Top Quizzes in World Leaders
Browse World Leaders
Top Contributed Quizzes in History
1
Popular People in 1991
2
US National Parks Named After People
3
Popular People in 1981
4
Popular People in 1951
5
Popular People in 1941
6
Complete a popular quote - Maya Angelou
7
Order Up: 1000 Years of World Events I
8
Popular People in 1986
9
Popular People in 1936
10
Popular People in 1926
Explore More
Trending Topics
Crossword
NBA
Anime
Disney
Marvel
Harry Potter
Kpop
Song
Puzzle
WWE
Country
Pokémon
NFL
The Office
Soccer
hide this ad
More By:
AussieJono
Quiz
Plays
Rating
Category
Featured
Created
Australian Subnational Flags
500
5.00
Geography
Jan 20, 2010
Australian National Sports Team Nicknames
351
5.00
Sports
Dec 16, 2009
Things Savage Garden Believe
201
2.71
Music
Jan 22, 2010
Different Noun and Adjective Countries
170
2.64
Geography
Jan 5, 2010
Prime Ministers of Australia
161
4.60
History
Dec 15, 2009
Go to Creator's Profile
Score Distribution
Quiz Creator Spotlight
AussieJono
Follow
Send a Message
Quizzes Created
-
Created Quiz Play Count
-
More By This Creator
Popular Quizzes Today
1
5x2 Blitz: Bands
2
Find the 'City' Movie
3
Colored Red Africa Blitz
4
Find the US States - No Outlines Minefield
5
The Countries of the World
6
Find the US States
7
9x9 Crossword: Cartoon Network
8
US States
More History Quizzes
Famous Quotes About 'E'
Published
Trending Quizzes
Colored Red Africa Blitz II
Colored Red Europe Blitz I
Christmas Pick: Judaism
Colored Red Africa Blitz III
Colored Red Europe Blitz II
Recently Updated
Champions League XIs: Real Madrid
pecheneg
Largest US Cities 1790-2010
pecheneg
Rides in Walt Disney World
pecheneg
Most Oscar Losses (Acting)
pecheneg
Beyoncé Albums
pecheneg
Leaping Animals
pecheneg
Reality TV Shows (A-Z)
bhenderson79
Rickey Henderson's Hall of Fame Teammates
pecheneg
Champions League XIs: Arsenal
pecheneg
Quick Pick: Celebrities in WWE's Hall of Fame
aduchscher
Trending Topics
NBA
Anime
Kpop
Disney
Harry Potter
Crossword
Marvel
Puzzle
The Office
Country
NFL
WWE
Song
Soccer
Pokémon
Your Account Isn't Verified!
In order to create a playlist on Sporcle, you need to verify the email address you used during registration. Go to your
Sporcle Settings
to finish the process.
Report this User
Report this user for behavior that violates our
Community Guidelines
.
Details:
Send Report
Go to the Sporcle.com Mobile Site →
Comments